000 00461cam a2200181ua 4500
001 12256
008 200818n ii |||gr||||Z||||||eng
020 _a9789380833897
040 _cMAIN
082 _a332.4
100 _aU P Singh,
_eEditor.
245 _aEconomics of global trade and finance
_cEd by U P Singh
250 _a1st ed.
260 _aNew Delhi:
_bGlobal publications,
_c2013.
300 _a288p.
653 _aFinancial economics
942 _cBK
999 _c11013
_d11013